000 01157namaa2200313 i 4500
003 EG-GICUC
005 20260128103749.0
008 260121s2008 ba a|||jr|||| 000 0 ara d
017 _a2007 / 6820
_bالمكتبة الوطنية (البحرين)
020 _a9789990153620
040 _aEG-GiCUC
_bara
_cEG-GiCUC
_dEG-GiCUC
_erda
082 0 4 _221
_a153.12
_bK239
092 0 4 _221
_a153.12
_bK239
099 _a153.12 K239 2008
100 1 _aكاظم، نادر
_eمؤلف.
245 1 _aاستعمالات الذاكرة فى مجتمع تعددى مبتلى بالتاريخ /
_cنادر كاظم.
250 _aالطبعة الثانية
264 _aالبحرين :
_bمكتبة فخراوى،
_c2008.
300 _a296 صفحة :
_bإيضاحيات، مثيليات ؛
_c22 سم
336 _2rdacontent
_atext
337 _2rdamedia
_aUnmediated
338 _2rdacarrier
_avolume
504 _aيشتمل على ارجاعات ببليوجرافية.
541 _aد. جابر عصفور ؛
_bالقاهرة ؛
_cإهداء ؛
_d2024.
650 1 7 _aالذاكرة
_2qrmak
651 1 _2qrmak
905 _aAya
942 _2ddc
_cBK
_e21
_n0
999 _c177929
_d177929